[Event "21st European Teams Women"]
[Site "Hersonissos GRE"]
[Date "2017.11.01"]
[Round "5.9"]
[Board "1"]
[White "Rapport, Jovana"]
[Black "Botsari, Anna-Maria"]
[Result "1/2-1/2"]
[WhiteTitle "WGM"]
[BlackTitle "WGM"]
[WhiteElo "2327"]
[BlackElo "2287"]
[WhiteTeam "Serbia"]
[BlackTeam "Greece 1"]
[WhiteFideId "937266"]
[BlackFideId "4200446"]
[EventDate "2017.10.28"]

1. d4 Nf6 2. Nf3 e6 3. Bf4 c5 4. e3 Nc6 5. Be2 Qb6 6. Na3 cxd4 7. Nc4 Qb4+ 8. c3
dxc3 9. a3 c2+ 10. axb4 cxd1=Q+ 11. Kxd1 Nd5 12. b5 Nxf4 13. exf4 Nd8 14. Nfd2
d5 15. Nb6 Rb8 16. Nxc8 Rxc8 17. Rxa7 Bc5 18. Ra4 Bxf2 19. Bd3 Bb6 20. Ke2 Kd7
21. Nb1 f6 22. Nc3 Kd6 23. Rd1 g6 24. Ra2 Nf7 25. Na4 Bc5 26. b3 Rhe8 27. Bb1
Ke7 28. Rc2 Bd6 29. g3 Rxc2+ 30. Bxc2 Rc8 31. Bd3 Bb4 32. h4 Nd6 33. g4 Ba5 34.
h5 Kf7 35. Rh1 Kg7 36. h6+ Kf7 37. f5 gxf5 38. gxf5 e5 39. Rg1 Rg8 40. Rxg8 Kxg8
41. Nc5 e4 42. Bc2 Kf7 43. Bd1 Bb4 44. Ne6 Ke7 45. Nc7 Bc5 46. Nxd5+ Kf7 47. b4
Bd4 48. Bc2 Bb2 49. Ne3 Ba3 50. Nc4 Nxc4 51. Bb3 Ke7 52. Bxc4 Kd6 53. Bg8 Bc1
54. Bxh7 Ke5 55. Bg6 Bxh6 56. Bh7 b6 57. Bg6 Bf8 58. Bh7 Bxb4 59. Bg6 1/2-1/2

[Event "21st European Teams Women"]
[Site "Hersonissos GRE"]
[Date "2017.11.01"]
[Round "5.9"]
[Board "2"]
[White "Tsolakidou, Stavroula"]
[Black "Eric, Jovana"]
[Result "1-0"]
[WhiteTitle "WGM"]
[BlackTitle "WIM"]
[WhiteElo "2340"]
[BlackElo "2257"]
[WhiteTeam "Greece 1"]
[BlackTeam "Serbia"]
[WhiteFideId "4264312"]
[BlackFideId "938238"]
[EventDate "2017.10.28"]

1. e4 c5 2. Nf3 d6 3. Bb5+ Nd7 4. O-O Nf6 5. Re1 a6 6. Bf1 g6 7. c3 Bg7 8. d4
Qc7 9. e5 dxe5 10. dxe5 Ng4 11. e6 fxe6 12. h3 Nge5 13. Ng5 Nf8 14. Bf4 Qd6 15.
Qe2 Nfd7 16. Nd2 Qc6 17. Bg3 Bf6 18. f4 Bxg5 19. fxg5 Nf7 20. Qxe6 Qxe6 21. Rxe6
Nxg5 22. Re3 Nf7 23. Rae1 e5 24. Bc4 b5 25. Bd5 Ra7 26. Rf3 Ng5 27. Rf2 Rf8 28.
Bxe5 Rxf2 29. Bd6+ Kd8 30. Kxf2 Nf6 31. Bxc5 Rc7 32. Be3 Nxh3+ 33. gxh3 Nxd5 34.
Bg5+ Kd7 35. Nb3 Kd6 36. Kg3 Rf7 37. Re8 Bd7 38. Re1 Bf5 39. Nd4 Bd7 40. Nb3 Rf5
41. h4 Rf8 42. Rd1 Re8 43. Bf4+ Kc6 44. Na5+ Kb6 45. Rxd5 Be6 46. Rd6+ Kxa5 47.
b4+ Ka4 48. Rxa6# 1-0

[Event "21st European Teams Women"]
[Site "Hersonissos GRE"]
[Date "2017.11.01"]
[Round "5.9"]
[Board "3"]
[White "Zarkovic, Mila"]
[Black "Avramidou, Anastasia"]
[Result "1/2-1/2"]
[WhiteTitle "WIM"]
[BlackTitle "FM"]
[WhiteElo "2241"]
[BlackElo "2257"]
[WhiteTeam "Serbia"]
[BlackTeam "Greece 1"]
[WhiteFideId "900451"]
[BlackFideId "4239873"]
[EventDate "2017.10.28"]

1. e4 e5 2. Nf3 Nc6 3. Bb5 a6 4. Ba4 d6 5. a3 Nf6 6. d3 b5 7. Bb3 Be7 8. Nc3 Bg4
9. Be3 Nd4 10. Bxd4 exd4 11. Nd5 c6 12. Nxf6+ Bxf6 13. h3 Bxf3 14. Qxf3 Qa5+ 15.
Kf1 O-O 16. g3 Rac8 17. Kg2 c5 18. a4 Qb4 19. axb5 axb5 20. Bd5 Qxb2 21. Rab1
Qxc2 22. Rxb5 Bg5 23. Ra1 Kh8 24. Ra7 f5 25. exf5 Rb8 26. Rxb8 Rxb8 27. f6 Bxf6
28. Qf5 Qd2 29. Rb7 Re8 30. Qe6 Rd8 31. Rd7 Rb8 32. Rc7 Qa5 33. Rb7 Qd8 34. Rd7
Qe8 35. Qxd6 Be5 36. Qc6 Rc8 37. Qb7 Rb8 38. Qa7 Bf6 39. Rf7 Rd8 40. Qxc5 Rc8
41. Qb6 Rb8 42. Qa7 Rd8 43. Be4 Qe6 44. Qc7 Re8 45. Qb7 Qd6 46. h4 Rf8 47. Rd7
Qe5 48. Rd5 Qb8 49. Qd7 Qc8 50. Qb5 Qb8 51. Qc5 Qc8 52. Qa5 Qe8 53. Qc7 Qb8 54.
Qc5 Qc8 55. Qa3 Qe8 56. Rh5 h6 57. Rd5 Qe7 58. Qa4 Qe6 59. Qb5 Bxh4 60. Re5 Qc8
61. Bf5 Qa8+ 62. Be4 Qc8 63. gxh4 Qg4+ 1/2-1/2

[Event "21st European Teams Women"]
[Site "Hersonissos GRE"]
[Date "2017.11.01"]
[Round "5.9"]
[Board "4"]
[White "Markantonaki, Haritomeni"]
[Black "Injac, Teodora"]
[Result "1/2-1/2"]
[WhiteTitle "WFM"]
[BlackTitle "WFM"]
[WhiteElo "2192"]
[BlackElo "2244"]
[WhiteTeam "Greece 1"]
[BlackTeam "Serbia"]
[WhiteFideId "4207050"]
[BlackFideId "932400"]
[EventDate "2017.10.28"]

1. e4 c5 2. Nf3 e6 3. d4 cxd4 4. Nxd4 Nf6 5. Nc3 d6 6. Be2 Be7 7. O-O Nc6 8. Be3
O-O 9. f4 a6 10. Kh1 Qc7 11. Qe1 Nxd4 12. Bxd4 b5 13. a3 Bb7 14. Qg3 Rad8 15.
Rae1 Rd7 16. e5 dxe5 17. Bxe5 Qb6 18. Bd3 g6 19. f5 Nh5 20. Qh3 exf5 21. Bxf5
Rd2 22. Be4 Bxe4 23. Nxe4 Rd5 24. Bc3 f5 25. Ng3 Nxg3+ 26. Qxg3 Bf6 27. Bxf6
Qxf6 28. Qb3 Qf7 29. Qb4 Rd7 30. a4 Qc4 31. Rf4 Qxc2 32. axb5 axb5 33. Qxb5 Rd2
34. b4 Qc7 35. Rh4 Qd7 36. Qc4+ Qd5 37. Qxd5+ Rxd5 38. h3 Rb8 39. Re7 h5 40. Rc4
Rd1+ 41. Kh2 Rd6 42. Rcc7 Rdb6 43. Rg7+ Kh8 44. Rh7+ Kg8 45. Kg3 Rc6 46. Rcg7+
Kf8 47. Ra7 f4+ 48. Kxf4 Rxb4+ 49. Kg5 Kg8 50. Rag7+ Kf8 51. Kh6 g5+ 52. Kxh5
Rcc4 53. g4 Rc3 54. Rf7+ Kg8 55. Rfg7+ Kf8 56. Kg6 Rb6+ 57. Kxg5 Rxh3 58. Rf7+
Kg8 59. Rxh3 Kxf7 60. Rh7+ Kg8 61. Rc7 Ra6 62. Kh5 Ra5+ 63. g5 Ra6 64. Rc4 Kg7
65. Rc7+ Kg8 66. Rb7 1/2-1/2

[Event "21st European Teams Women"]
[Site "Hersonissos GRE"]
[Date "2017.11.01"]
[Round "5.10"]
[Board "1"]
[White "Hoang, Thanh Trang"]
[Black "Cornette, Deimante"]
[Result "1-0"]
[WhiteTitle "GM"]
[BlackTitle "IM"]
[WhiteElo "2438"]
[BlackElo "2404"]
[WhiteTeam "Hungary"]
[BlackTeam "Lithuania"]
[WhiteFideId "12400149"]
[BlackFideId "12802859"]
[EventDate "2017.10.28"]

1. d4 d5 2. c4 e6 3. Nf3 Nf6 4. g3 Bb4+ 5. Bd2 Be7 6. Bg2 O-O 7. O-O Nbd7 8. Qc2
Ne4 9. Bf4 c6 10. Nfd2 g5 11. Be3 Nd6 12. f3 Nf5 13. Bf2 Bf6 14. e3 b6 15. Nc3
Ba6 16. Rfd1 Rc8 17. cxd5 cxd5 18. Qa4 Nb8 19. e4 b5 20. Nxb5 Qb6 21. Bf1 Bxb5
22. Qxb5 Qxb5 23. Bxb5 Nxd4 24. Ba4 Nbc6 25. Kg2 Rfd8 26. exd5 exd5 27. Nf1 Ne6
28. Rac1 Ncd4 29. Rxc8 Rxc8 30. Ne3 Rd8 31. b4 Kg7 32. Ng4 Ne2 33. Bb3 Bd4 34.
Ne3 Bxe3 35. Bxe3 d4 36. Bxe6 fxe6 37. Kf2 d3 38. Bxg5 Rd5 39. Bd2 Rh5 40. h4
Kf7 41. Be1 Rd5 42. Ke3 Nd4 43. Ke4 Nf5 44. Rxd3 Nd6+ 45. Ke3 Nc4+ 46. Ke2 Re5+
47. Kf2 Kg6 48. Bc3 Rf5 49. Rd7 a5 50. bxa5 Nxa5 51. Rg7+ Kh6 52. Rg5 1-0

[Event "21st European Teams Women"]
[Site "Hersonissos GRE"]
[Date "2017.11.01"]
[Round "5.10"]
[Board "2"]
[White "Zaksaite, Salomeja"]
[Black "Lazarne Vajda, Szidonia"]
[Result "0-1"]
[WhiteTitle "WIM"]
[BlackTitle "IM"]
[WhiteElo "2272"]
[BlackElo "2364"]
[WhiteTeam "Lithuania"]
[BlackTeam "Hungary"]
[WhiteFideId "12801496"]
[BlackFideId "723894"]
[EventDate "2017.10.28"]

1. e4 e5 2. Nf3 Nc6 3. Bb5 a6 4. Ba4 Nf6 5. O-O Nxe4 6. d4 b5 7. Bb3 d5 8. dxe5
Be6 9. Nbd2 Nc5 10. c3 Be7 11. Bc2 d4 12. Ne4 d3 13. Nxc5 dxc2 14. Qxd8+ Rxd8
15. Nxe6 fxe6 16. Be3 Rd5 17. Rfc1 Nxe5 18. Nxe5 Rxe5 19. Rxc2 Kf7 20. c4 b4 21.
Rd1 Rd8 22. Rxd8 Bxd8 23. Rd2 Ke8 24. Kf1 Bg5 25. Bxg5 Rxg5 26. f3 Ke7 27. Kf2
Rh5 28. h3 Re5 29. b3 Ra5 30. Ke3 Re5+ 31. Kf2 Ra5 32. h4 h6 33. Re2 Kf6 34. g4
g6 35. Rd2 Ke7 36. f4 h5 37. Kf3 hxg4+ 38. Kxg4 Rf5 39. Re2 Kf6 40. Re5 Rxe5 41.
fxe5+ Kg7 42. Kg5 c5 43. Kf4 Kh6 44. Kg4 a5 45. Kh3 Kh5 46. Kg3 g5 47. hxg5 Kxg5 0-1

[Event "21st European Teams Women"]
[Site "Hersonissos GRE"]
[Date "2017.11.01"]
[Round "5.10"]
[Board "3"]
[White "Papp, Petra"]
[Black "Kiseleva, Simona"]
[Result "1/2-1/2"]
[WhiteTitle "WGM"]
[BlackTitle "WIM"]
[WhiteElo "2326"]
[BlackElo "2241"]
[WhiteTeam "Hungary"]
[BlackTeam "Lithuania"]
[WhiteFideId "739049"]
[BlackFideId "12802506"]
[EventDate "2017.10.28"]

1. e4 e6 2. d4 d5 3. Nc3 h6 4. Bd3 Nc6 5. Nf3 Nb4 6. Be2 Nf6 7. e5 Ne4 8. a3
Nxc3 9. bxc3 Nc6 10. O-O Na5 11. Ne1 c5 12. f4 Bd7 13. Nf3 c4 14. Qe1 Qc7 15.
Qh4 Be7 16. Qg3 g6 17. a4 O-O-O 18. Ba3 Bxa3 19. Rxa3 Rdg8 20. Raa1 Qd8 21. Qh4
Qxh4 22. Nxh4 b6 23. g3 Nc6 24. Ng2 Ne7 25. Ne3 h5 26. Kf2 Kc7 27. Ke1 Ra8 28.
Kd2 Rhb8 29. Ng2 a6 30. Rfb1 b5 31. axb5 1/2-1/2

[Event "21st European Teams Women"]
[Site "Hersonissos GRE"]
[Date "2017.11.01"]
[Round "5.11"]
[Board "1"]
[White "Franciskovic, Borka"]
[Black "Heinatz, Gundula"]
[Result "1-0"]
[WhiteTitle "WIM"]
[BlackTitle "WIM"]
[WhiteElo "2242"]
[BlackElo "2174"]
[WhiteTeam "Croatia"]
[BlackTeam "Switzerland"]
[WhiteFideId "14507943"]
[BlackFideId "4612434"]
[EventDate "2017.10.28"]

1. Nf3 Nf6 2. c4 g6 3. g3 Bg7 4. Bg2 O-O 5. O-O d6 6. Nc3 c6 7. d4 Qb6 8. c5 Qa6
9. cxd6 exd6 10. e4 Bg4 11. h3 Bxf3 12. Bxf3 Nfd7 13. Bf4 Qb6 14. Bxd6 Qxd4 15.
Bxf8 Kxf8 16. Qe2 Be5 17. Rfd1 Qb6 18. Na4 Qc7 19. Rac1 Kg7 20. Bg4 b5 21. Nc3
Nc5 22. f4 h5 23. Bf3 Bxc3 24. Rxc3 Nbd7 25. e5 b4 26. Rcc1 Rc8 27. Rd6 Qb6 28.
Qe3 Kg8 29. Kg2 h4 30. Qd4 Rc7 31. Bg4 Qb5 32. Qc4 Qxc4 33. Rxc4 hxg3 34. Bxd7
Nxd7 35. Rcxc6 Rb7 36. Kxg3 Kg7 37. e6 Nf6 38. Kf3 b3 39. a3 Ne8 40. Rd7 1-0

[Event "21st European Teams Women"]
[Site "Hersonissos GRE"]
[Date "2017.11.01"]
[Round "5.11"]
[Board "2"]
[White "De Seroux, Camille"]
[Black "Purgar, Ivona"]
[Result "1-0"]
[WhiteTitle "WFM"]
[BlackTitle "WFM"]
[WhiteElo "2163"]
[BlackElo "2200"]
[WhiteTeam "Switzerland"]
[BlackTeam "Croatia"]
[WhiteFideId "1305620"]
[BlackFideId "14514451"]
[EventDate "2017.10.28"]

1. e4 c5 2. Nf3 e6 3. d4 cxd4 4. Nxd4 Nc6 5. Nc3 Qc7 6. Ndb5 Qb8 7. a4 a6 8. Na3
Nf6 9. g3 Be7 10. Nc4 Qc7 11. Bf4 e5 12. Bg5 Nb4 13. Bxf6 Bxf6 14. Qd6 Qxd6 15.
Nxd6+ Ke7 16. O-O-O b6 17. h4 h5 18. Bh3 Ra7 19. Rd2 Bb7 20. Nc4 Bc6 21. Nxb6 g5
22. Bf5 gxh4 23. gxh4 Rg8 24. Ne2 a5 25. Ng3 Rb8 26. Nc4 d5 27. Ne3 d4 28. Nc4
Bxa4 29. Nxh5 Rc8 30. Bxc8 1-0

[Event "21st European Teams Women"]
[Site "Hersonissos GRE"]
[Date "2017.11.01"]
[Round "5.11"]
[Board "3"]
[White "Berke, Ana"]
[Black "Stoeri, Laura"]
[Result "0-1"]
[WhiteTitle "WIM"]
[BlackTitle "WFM"]
[WhiteElo "2154"]
[BlackElo "2150"]
[WhiteTeam "Croatia"]
[BlackTeam "Switzerland"]
[WhiteFideId "14510359"]
[BlackFideId "1304313"]
[EventDate "2017.10.28"]

1. e4 e5 2. Nf3 Nc6 3. Bb5 a6 4. Ba4 Nf6 5. d3 d6 6. c3 Be7 7. O-O O-O 8. Re1
Nb8 9. Nbd2 b5 10. Bb3 c5 11. Nf1 Qc7 12. Ne3 Nc6 13. h3 Be6 14. Nh2 Rad8 15.
Nhg4 Nxg4 16. hxg4 Na5 17. Bd5 Qd7 18. g3 Nc6 19. Nf5 Rc8 20. Kg2 g6 21. Rh1
Bxd5 22. Nh6+ Kh8 23. exd5 Nb8 24. g5 f5 25. f4 Rce8 26. Bd2 Bd8 27. Re1 Qb7 28.
c4 Nd7 29. b4 bxc4 30. dxc4 cxb4 31. Rb1 a5 32. fxe5 Nxe5 33. Bf4 Bb6 34. Qc2
Qc7 35. Rbc1 Bd4 36. Qa4 Re7 37. Red1 Bc5 38. Qb3 Ree8 39. Qb2 Qg7 40. Re1 Re7
41. Qc2 Rfe8 42. Qd2 Nd3 43. Rxe7 Nxf4+ 44. Qxf4 Qxe7 45. Qd2 Qe4+ 46. Kh2 Kg7
47. g4 f4 48. Rf1 Be3 49. Qb2+ Bd4 50. Qd2 Be5 51. Qf2 Bd4 52. Qd2 a4 53. Kh3
Qe3+ 54. Qxe3 Rxe3+ 55. Kg2 f3+ 56. Kg3 b3 57. axb3 axb3 58. Kf4 b2 59. Rb1 f2 0-1

[Event "21st European Teams Women"]
[Site "Hersonissos GRE"]
[Date "2017.11.01"]
[Round "5.11"]
[Board "4"]
[White "Heinatz, Maria"]
[Black "Cvitan, Ena"]
[Result "0-1"]
[BlackTitle "FM"]
[WhiteElo "1955"]
[BlackElo "2165"]
[WhiteTeam "Switzerland"]
[BlackTeam "Croatia"]
[WhiteFideId "1312073"]
[BlackFideId "14534215"]
[EventDate "2017.10.28"]

1. e4 c6 2. d4 d5 3. exd5 cxd5 4. Bd3 Nc6 5. c3 Nf6 6. Bf4 Bg4 7. Qb3 Qd7 8. Nd2
e6 9. Ngf3 Bxf3 10. Nxf3 Bd6 11. Bg3 O-O 12. O-O Bxg3 13. hxg3 Qc7 14. Rfe1 Rab8
15. Qd1 b5 16. b4 a5 17. a4 bxa4 18. b5 Ne7 19. Ra3 Ne4 20. Qxa4 Nxc3 21. Qxa5
Qxa5 22. Rxa5 Nf5 23. Bxf5 exf5 24. b6 Rxb6 25. Rc5 Ne4 26. Rxd5 g6 27. Ne5 Rb2
28. Nd7 Ra8 29. g4 Nxf2 30. gxf5 Nd3 31. Re4 Raa2 32. Rg4 Nf2 33. Rf4 g5 34. Rf3
g4 35. Re3 Nh3+ 36. Rxh3 Rxg2+ 37. Kh1 gxh3 38. Nf6+ Kg7 39. Nh5+ Kh6 0-1

[Event "21st European Teams Women"]
[Site "Hersonissos GRE"]
[Date "2017.11.01"]
[Round "5.12"]
[Board "1"]
[White "Sahl, Sheila Barth"]
[Black "Worek, Joanna"]
[Result "0-1"]
[WhiteTitle "WIM"]
[BlackTitle "WGM"]
[WhiteElo "2180"]
[BlackElo "2299"]
[WhiteTeam "Norway"]
[BlackTeam "Czech Republic"]
[WhiteFideId "1500953"]
[BlackFideId "1118080"]
[EventDate "2017.10.28"]

1. e4 c5 2. c3 Nf6 3. e5 Nd5 4. d4 e6 5. Nf3 cxd4 6. cxd4 Nc6 7. Bc4 d6 8. Qe2
Be7 9. O-O Na5 10. b3 O-O 11. Rd1 Bd7 12. Bxd5 exd5 13. Nc3 Be6 14. Ba3 a6 15.
h3 Re8 16. Qd2 Rc8 17. Rac1 b6 18. Bxd6 Bxd6 19. exd6 Nb7 20. d7 Bxd7 21. Ne5
Be6 22. Na4 Qd6 23. Rxc8 Rxc8 24. Rc1 f6 25. Nd3 Rxc1+ 26. Qxc1 g5 27. Qe1 a5
28. b4 Bd7 29. Nab2 Kf7 30. bxa5 Nxa5 31. Qb4 Qc6 32. Qd2 Qb5 33. Qc3 Bf5 34.
Nb4 Qd7 35. Nd1 Nc4 36. Ne3 Be6 37. Qd3 Kg7 38. Qd1 Qd6 39. Qa4 Nxe3 40. fxe3
Qg3 41. Qa7+ Kg6 42. Qe7 Qxe3+ 43. Kh1 Qc1+ 44. Kh2 Qf4+ 45. Kh1 Bf7 46. Qe1
Qxd4 47. Nc6 Qe4 48. Qf2 Be6 49. Kg1 Bd7 50. Qxb6 h5 51. Qc7 Qe6 52. Nb4 d4 53.
Qc2+ Kh6 54. Nd3 Qe4 55. Qd2 Bf5 56. Nf2 Qe3 57. Qd1 g4 58. hxg4 hxg4 59. Kf1 g3
60. Qe1 gxf2 0-1

[Event "21st European Teams Women"]
[Site "Hersonissos GRE"]
[Date "2017.11.01"]
[Round "5.12"]
[Board "2"]
[White "Olsarova, Karolina"]
[Black "Machlik, Monika"]
[Result "1-0"]
[WhiteTitle "WIM"]
[WhiteElo "2293"]
[BlackElo "2037"]
[WhiteTeam "Czech Republic"]
[BlackTeam "Norway"]
[WhiteFideId "320242"]
[BlackFideId "1513621"]
[EventDate "2017.10.28"]

1. e4 c6 2. d4 d5 3. Nd2 dxe4 4. Nxe4 Bf5 5. Ng3 Bg6 6. h4 h6 7. Nf3 Nd7 8. h5
Bh7 9. Bd3 Bxd3 10. Qxd3 e6 11. Bd2 Qc7 12. Ne4 Ngf6 13. O-O-O O-O-O 14. g3 Nc5
15. Nxc5 Bxc5 16. c4 Qe7 17. a3 Ng4 18. Rhf1 Nf6 19. Qe3 Bd6 20. Rh1 Ng4 21. Qe2
Rhe8 22. Bc3 f5 23. Kb1 Kb8 24. Nh4 Qf7 25. f3 Nf6 26. g4 fxg4 27. fxg4 Ka8 28.
Rhf1 a6 29. Qg2 Bc7 30. Ng6 Bb8 31. Qf3 Qd7 32. Rd2 Nh7 33. Ba5 Rc8 34. Bb6 Ng5
35. Qg2 Ba7 36. Ne5 Qe7 37. Bxa7 Kxa7 38. Rf4 Ka8 39. c5 Rcd8 40. Rdf2 Qc7 41.
Qf1 Ka7 42. Nc4 Re7 43. Ka2 Nh7 44. Qb1 Ng5 45. Qf1 Nh7 46. Nd6 Nf6 47. Qe2 Nh7
48. Qe5 Ng5 49. Rf1 Qb8 50. R4f2 Qc7 51. Qe1 Qd7 52. Qb4 Qc7 53. Rf8 Red7 54. a4
a5 55. Qe1 Rxf8 56. Rxf8 Rd8 57. Qe5 Qb8 58. Rxd8 Qxd8 59. Qxg7 Qb8 60. Qxh6 Nf3
61. Qf4 Ne1 62. Qd2 1-0

[Event "21st European Teams Women"]
[Site "Hersonissos GRE"]
[Date "2017.11.01"]
[Round "5.12"]
[Board "3"]
[White "Kyrkjebo, Hanna B."]
[Black "Rodshtein, Tereza"]
[Result "0-1"]
[BlackTitle "WGM"]
[WhiteElo "1996"]
[BlackElo "2233"]
[WhiteTeam "Norway"]
[BlackTeam "Czech Republic"]
[WhiteFideId "1511599"]
[BlackFideId "325449"]
[EventDate "2017.10.28"]

1. e4 c5 2. Nc3 e6 3. g3 Nc6 4. Bg2 Nf6 5. d3 Be7 6. f4 d5 7. e5 Nd7 8. Nf3 O-O
9. O-O Rb8 10. Ne2 b5 11. Re1 Nb6 12. g4 f6 13. exf6 Bxf6 14. Ng3 b4 15. Bh3 Nd4
16. Ne5 Qc7 17. c3 bxc3 18. bxc3 Bxe5 19. Rxe5 Nf3+ 20. Qxf3 Qxe5 21. Bd2 Qf6
22. Qe2 Bd7 23. Rf1 Rbe8 24. g5 Qe7 25. Qe5 Nc8 26. Nh5 Qf7 27. Bg4 Ne7 28. Rb1
Nc6 29. Qe3 e5 30. f5 d4 31. Qf3 e4 32. dxe4 Ne5 33. Qg3 Qxa2 34. Rd1 Qc2 35.
Be2 d3 36. Nf6+ Kh8 37. Nxe8 dxe2 38. Re1 Qxe4 39. Nd6 Nf3+ 40. Kf2 Nxd2 41.
Rxe2 Rxf5+ 42. Nxf5 Qxf5+ 43. Ke1 Nf3+ 44. Kf1 Nxh2+ 45. Ke1 Nf3+ 46. Kf1 Nxg5+
47. Rf2 Qb1+ 48. Ke2 Qc2+ 49. Ke1 Qc1+ 50. Ke2 Bb5+ 51. Qd3 Bxd3+ 52. Kxd3 h5 0-1

[Event "21st European Teams Women"]
[Site "Hersonissos GRE"]
[Date "2017.11.01"]
[Round "5.12"]
[Board "4"]
[White "Novosadova, Kristyna"]
[Black "Rodsmoen, Maud"]
[Result "1-0"]
[BlackTitle "WFM"]
[WhiteElo "2184"]
[BlackElo "1972"]
[WhiteTeam "Czech Republic"]
[BlackTeam "Norway"]
[WhiteFideId "328065"]
[BlackFideId "1510550"]
[EventDate "2017.10.28"]

1. e4 c5 2. Nf3 e6 3. d4 cxd4 4. Nxd4 Nc6 5. Nc3 Qc7 6. Be3 a6 7. Qf3 Nf6 8.
O-O-O b5 9. e5 Nd5 10. Nxd5 exd5 11. Bf4 Nxd4 12. Rxd4 Qa7 13. Qxd5 Qb7 14. f3
Qxd5 15. Rxd5 Bb7 16. Rd2 Be7 17. Bd3 Bd5 18. a3 Be6 19. Be4 Ra7 20. Be3 Rc7 21.
f4 f6 22. f5 Bf7 23. Bb6 Rc4 24. Bd5 Bxd5 25. Rxd5 fxe5 26. Rxe5 Kf7 27. Rd1 d6
28. Red5 Bg5+ 29. Kb1 Bf4 30. g3 Be5 31. Bd4 Bxd4 32. R1xd4 Rxd4 33. Rxd4 Ke7
34. Ka2 Rc8 35. Kb3 Rc5 36. Rh4 h6 37. Rg4 Kf6 38. Rg6+ Kxf5 39. Rxd6 a5 40. c3
Re5 41. Rd2 g5 42. a4 bxa4+ 43. Kxa4 Rc5 44. Re2 Kg4 45. b4 Rxc3 46. b5 Rc1 47.
Kxa5 Ra1+ 48. Kb6 Rb1 49. Kc6 Rc1+ 50. Kb7 Rb1 51. b6 Kh3 52. Kc7 Rc1+ 53. Kb8
Rh1 54. b7 Rxh2 55. Rxh2+ Kxh2 56. g4 Kg3 57. Kc7 Kxg4 58. b8=Q Kh3 59. Qb3+ Kh4
60. Kd6 g4 61. Ke5 Kg5 62. Qe3+ Kg6 63. Kf4 h5 64. Qe6+ Kg7 65. Kg5 g3 66. Qe7+
Kg8 67. Kg6 g2 68. Qg7# 1-0

[Event "21st European Teams Women"]
[Site "Hersonissos GRE"]
[Date "2017.11.01"]
[Round "5.13"]
[Board "1"]
[White "Houska, Jovanka"]
[Black "Repkova, Eva"]
[Result "1-0"]
[WhiteTitle "IM"]
[BlackTitle "IM"]
[WhiteElo "2393"]
[BlackElo "2323"]
[WhiteTeam "England"]
[BlackTeam "Slovakia"]
[WhiteFideId "405094"]
[BlackFideId "14900440"]
[EventDate "2017.10.28"]

1. d4 e6 2. c4 Nf6 3. Nf3 b6 4. g3 Ba6 5. b3 Bb4+ 6. Bd2 Be7 7. Nc3 O-O 8. Bg2
c6 9. O-O d5 10. Ne5 Nfd7 11. Nxd7 Qxd7 12. Bf4 dxc4 13. Qd2 cxb3 14. axb3 Bb7
15. Rfd1 Na6 16. e4 Nb4 17. Qe2 Rfd8 18. h4 Qe8 19. h5 Rd7 20. Qg4 Qf8 21. Rd2
f5 22. Qe2 Qf7 23. Be5 c5 24. exf5 Bxg2 25. fxe6 Qxe6 26. Kxg2 Rad8 27. Re1 Qxb3
28. Qg4 Qf7 29. h6 Bf6 30. Bxf6 Qxf6 31. Re6 Qf7 32. Ne4 Rxd4 33. Nf6+ Kh8 34.
Rxd4 cxd4 35. Rd6 Nc6 36. hxg7+ Qxg7 37. Qxg7+ Kxg7 38. Nh5+ Kf8 39. Rxc6 d3 40.
Rc1 a5 41. Nf4 Ke7 42. Kf3 a4 43. Ke4 d2 44. Rd1 a3 45. Nd5+ Ke6 46. Rxd2 b5 47.
Nc7+ Ke7 48. Ra2 b4 49. Nd5+ Ke6 50. Nxb4 Ra8 51. Nc2 Rf8 52. f4 Rc8 53. Nd4+ 1-0

[Event "21st European Teams Women"]
[Site "Hersonissos GRE"]
[Date "2017.11.01"]
[Round "5.13"]
[Board "2"]
[White "Cibickova, Zuzana"]
[Black "Ciuksyte, Dagne"]
[Result "1-0"]
[WhiteTitle "WGM"]
[BlackTitle "IM"]
[WhiteElo "2290"]
[BlackElo "2318"]
[WhiteTeam "Slovakia"]
[BlackTeam "England"]
[WhiteFideId "14905779"]
[BlackFideId "12800619"]
[EventDate "2017.10.28"]

1. e4 c5 2. Nf3 d6 3. d4 cxd4 4. Nxd4 Nf6 5. Nc3 g6 6. Be3 Bg7 7. f3 O-O 8. Qd2
Nc6 9. Bc4 Bd7 10. O-O-O Rc8 11. Bb3 Ne5 12. Kb1 a6 13. h4 h5 14. g4 hxg4 15. h5
Nxh5 16. Bh6 e6 17. Rdg1 Qf6 18. Bxg7 Kxg7 19. Nce2 Nxf3 20. Nxf3 gxf3 21. Ng3
Rh8 22. Nxh5+ Rxh5 23. Rxh5 f2 24. Qh6+ 1-0

[Event "21st European Teams Women"]
[Site "Hersonissos GRE"]
[Date "2017.11.01"]
[Round "5.13"]
[Board "3"]
[White "Maroroa, Sue"]
[Black "Motycakova, Monika"]
[Result "1/2-1/2"]
[WhiteTitle "WIM"]
[BlackTitle "WFM"]
[WhiteElo "2077"]
[BlackElo "2143"]
[WhiteTeam "England"]
[BlackTeam "Slovakia"]
[WhiteFideId "4301498"]
[BlackFideId "14909626"]
[EventDate "2017.10.28"]

1. e4 e5 2. Nf3 Nc6 3. d4 exd4 4. Nxd4 Bc5 5. Nxc6 Qf6 6. Qf3 dxc6 7. Nc3 Be6 8.
Qg3 Ne7 9. Bd3 Qg6 10. Bf4 Qxg3 11. Bxg3 O-O-O 12. O-O-O h5 13. h4 b5 14. Kb1 a6
15. Be2 Bd4 16. Bf3 Ng6 17. Ne2 Be5 18. Rxd8+ Kxd8 19. Bxe5 Nxe5 20. Nf4 Nxf3
21. Nxe6+ fxe6 22. gxf3 Rf8 23. Rh3 Rf4 24. Kc1 Ke7 25. Kd2 e5 26. Ke3 a5 27.
Rh1 a4 28. b3 axb3 29. axb3 g6 30. Ke2 Ke6 31. Ke3 Ke7 1/2-1/2

[Event "21st European Teams Women"]
[Site "Hersonissos GRE"]
[Date "2017.11.01"]
[Round "5.13"]
[Board "4"]
[White "Vrtiakova, Anna"]
[Black "Kalaiyalahan, Akshaya"]
[Result "0-1"]
[WhiteTitle "WFM"]
[BlackTitle "FM"]
[WhiteElo "1994"]
[BlackElo "2026"]
[WhiteTeam "Slovakia"]
[BlackTeam "England"]
[WhiteFideId "14927870"]
[BlackFideId "422894"]
[EventDate "2017.10.28"]

1. e4 c5 2. Nf3 Nc6 3. d4 cxd4 4. Nxd4 g6 5. Nc3 Bg7 6. Be3 Nf6 7. Bc4 O-O 8.
Bb3 d6 9. f3 a6 10. Qd2 Na5 11. O-O b5 12. a4 Nxb3 13. Nxb3 b4 14. Ne2 a5 15.
Rfd1 Nd7 16. c3 bxc3 17. Nxc3 Ne5 18. Qf2 Nc4 19. Bd4 Bxd4 20. Qxd4 Be6 21. Nd5
Bxd5 22. exd5 Qb6 23. Qxb6 Nxb6 24. Nd4 Rfc8 25. Nb5 Rc5 26. Nc3 Rac8 27. Re1
Nxd5 28. Nxd5 Rxd5 29. Rxe7 Rd2 30. Re4 h5 31. b4 Rcc2 32. bxa5 Rxg2+ 33. Kh1
Rxh2+ 34. Kg1 Rcg2+ 35. Kf1 Rg5 36. Ra3 Rxa5 37. Rb3 Rc5 38. Kg1 Ra2 39. Rb1 Kg7
40. Rd4 d5 41. Rbd1 Rc4 42. Rxd5 Rcxa4 43. R1d2 Rxd2 44. Rxd2 g5 45. Kg2 Kg6 46.
Rd8 Kf5 47. Kg3 h4+ 48. Kg2 Kf4 49. Rd3 f5 50. Rb3 Ra2+ 0-1